[Event "English Open Championship 2024"]
[Site "Holiday Inn, 212 Abbey End, Kenilworth CV8 1ED, United Kingdom"]
[Date "2024.06.21"]
[Round "3.24"]
[White "Payne, Matthew J"]
[Black "De Coverly, Roger D"]
[Result "1/2-1/2"]
[TimeControl "G90 + 30secs/move"]
[WhiteFideId "417084"]
[BlackFideId "405213"]
[WhiteElo "2079"]
[BlackElo "1923"]

1. e4 {[%clk 01:30:54]} {[%emt 00:00:05]} e5 {[%clk 01:30:54]} {[%emt
00:00:06]} 2. Nf3 {[%clk 01:31:15]} {[%emt 00:00:10]} Nc6 {[%clk 01:31:18]}
{[%emt 00:00:07]} 3. Bc4 {[%clk 01:31:37]} {[%emt 00:00:07]} d6 {[%clk
01:31:23]} {[%emt 00:00:24]} 4. d4 {[%clk 01:31:00]} {[%emt 00:01:07]} exd4
{[%clk 01:30:07]} {[%emt 00:01:47]} 5. Nxd4 {[%clk 01:30:57]} {[%emt 00:00:33]}
Nf6 {[%clk 01:30:00]} {[%emt 00:00:37]} 6. Nc3 {[%clk 01:31:01]} {[%emt
00:00:26]} Be7 {[%clk 01:29:48]} {[%emt 00:00:41]} 7. O-O {[%clk 01:30:21]}
{[%emt 00:01:10]} O-O {[%clk 01:29:44]} {[%emt 00:00:34]} 8. Re1 {[%clk
01:29:06]} {[%emt 00:01:45]} Ne5 {[%clk 01:29:03]} {[%emt 00:01:11]} 9. Bf1
{[%clk 01:26:34]} {[%emt 00:03:02]} c5 {[%clk 01:28:32]} {[%emt 00:01:02]} 10.
Nf5 {[%clk 01:26:17]} {[%emt 00:00:46]} Bxf5 {[%clk 01:26:36]} {[%emt
00:02:27]} 11. exf5 {[%clk 01:25:37]} {[%emt 00:01:10]} Qd7 {[%clk 01:24:52]}
{[%emt 00:02:13]} 12. f4 {[%clk 01:14:39]} {[%emt 00:11:29]} Nc6 {[%clk
01:22:16]} {[%emt 00:03:05]} 13. g4 {[%clk 01:11:22]} {[%emt 00:03:47]} Rad8
{[%clk 01:14:36]} {[%emt 00:08:11]} 14. g5 {[%clk 00:55:09]} {[%emt 00:16:42]}
Ne8 {[%clk 01:14:49]} {[%emt 00:00:17]} 15. Nd5 {[%clk 00:55:29]} {[%emt
00:00:10]} Nc7 {[%clk 01:11:12]} {[%emt 00:04:08]} 16. c3 {[%clk 00:52:25]}
{[%emt 00:03:33]} Rfe8 {[%clk 01:09:06]} {[%emt 00:02:36]} 17. Bc4 {[%clk
00:49:09]} {[%emt 00:03:47]} Bf8 {[%clk 01:06:45]} {[%emt 00:02:50]} 18. Nxc7
{[%clk 00:31:41]} {[%emt 00:17:57]} Rxe1+ {[%clk 01:05:01]} {[%emt 00:02:17]}
19. Qxe1 {[%clk 00:32:04]} {[%emt 00:00:13]} Qxc7 {[%clk 01:05:18]} {[%emt
00:00:06]} 20. Qe4 {[%clk 00:18:28]} {[%emt 00:14:06]} Qe7 {[%clk 01:03:40]}
{[%emt 00:02:08]} 21. Qd5 {[%clk 00:15:46]} {[%emt 00:03:12]} Qd7 {[%clk
00:55:34]} {[%emt 00:08:37]} 22. Be3 {[%clk 00:13:47]} {[%emt 00:02:28]} Na5
{[%clk 00:54:39]} {[%emt 00:01:26]} 23. Bf1 {[%clk 00:11:34]} {[%emt 00:02:42]}
Qc6 {[%clk 00:53:02]} {[%emt 00:02:07]} 24. Bg2 {[%clk 00:11:36]} {[%emt
00:00:28]} Qxd5 {[%clk 00:43:41]} {[%emt 00:09:51]} 25. Bxd5 {[%clk 00:12:01]}
{[%emt 00:00:05]} g6 {[%clk 00:43:33]} {[%emt 00:00:39]} 26. f6 {[%clk
00:11:31]} {[%emt 00:01:00]} Re8 {[%clk 00:40:33]} {[%emt 00:03:30]} 27. Kf2
{[%clk 00:11:27]} {[%emt 00:00:34]} Nc6 {[%clk 00:40:20]} {[%emt 00:00:43]} 28.
a4 {[%clk 00:06:14]} {[%emt 00:05:44]} Rb8 {[%clk 00:37:44]} {[%emt 00:03:05]}
29. a5 {[%clk 00:05:49]} {[%emt 00:00:55]} Nd8 {[%clk 00:37:45]} {[%emt
00:00:30]} 30. b4 {[%clk 00:03:51]} {[%emt 00:02:28]} Ne6 {[%clk 00:37:06]}
{[%emt 00:01:09]} 31. Rb1 {[%clk 00:02:23]} {[%emt 00:01:58]} Nc7 {[%clk
00:35:05]} {[%emt 00:02:31]} 32. Bf3 {[%clk 00:02:40]} {[%emt 00:00:13]} b6
{[%clk 00:34:10]} {[%emt 00:01:25]} 33. axb6 {[%clk 00:01:43]} {[%emt
00:01:27]} axb6 {[%clk 00:34:28]} {[%emt 00:00:11]} 34. Ra1 {[%clk 00:02:06]}
{[%emt 00:00:08]} d5 {[%clk 00:32:10]} {[%emt 00:02:47]} 35. bxc5 {[%clk
00:01:41]} {[%emt 00:00:55]} bxc5 {[%clk 00:32:29]} {[%emt 00:00:10]} 36. Ra5
{[%clk 00:01:56]} {[%emt 00:00:15]} Nb5 {[%clk 00:29:30]} {[%emt 00:03:29]} 37.
Bxd5 {[%clk 00:01:59]} {[%emt 00:00:28]} Nxc3 {[%clk 00:29:26]} {[%emt
00:00:31]} 38. Bf3 {[%clk 00:01:25]} {[%emt 00:01:06]} 1/2-1/2

[Event "English Open Championship 2024"]
[Site "Holiday Inn, 212 Abbey End, Kenilworth CV8 1ED, United Kingdom"]
[Date "2024.06.21"]
[Round "3.25"]
[White "Mclachlan, Matthew"]
[Black "Mikalajunas, Kajus"]
[Result "0-1"]
[TimeControl "G90 + 30secs/move"]
[WhiteFideId "436003"]
[BlackFideId "483621"]
[WhiteElo "1917"]
[BlackElo "1995"]

1. d4 {[%clk 01:30:58]} {[%emt 00:00:01]} d5 {[%clk 01:30:52]} {[%emt
00:00:08]} 2. c4 {[%clk 01:31:23]} {[%emt 00:00:05]} dxc4 {[%clk 01:31:16]}
{[%emt 00:00:07]} 3. e4 {[%clk 01:31:47]} {[%emt 00:00:05]} Nf6 {[%clk
01:31:38]} {[%emt 00:00:08]} 4. e5 {[%clk 01:32:09]} {[%emt 00:00:08]} Nd5
{[%clk 01:32:00]} {[%emt 00:00:08]} 5. Bxc4 {[%clk 01:32:30]} {[%emt 00:00:10]}
Nb6 {[%clk 01:32:23]} {[%emt 00:00:07]} 6. Bd3 {[%clk 01:32:46]} {[%emt
00:00:14]} Nc6 {[%clk 01:32:43]} {[%emt 00:00:10]} 7. Be3 {[%clk 01:33:00]}
{[%emt 00:00:17]} Nb4 {[%clk 01:32:54]} {[%emt 00:00:19]} 8. Be4 {[%clk
01:33:17]} {[%emt 00:00:11]} f5 {[%clk 01:33:08]} {[%emt 00:00:17]} 9. a3
{[%clk 01:33:36]} {[%emt 00:00:12]} N4d5 {[%clk 01:32:55]} {[%emt 00:00:42]} 10.
Bf3 {[%clk 01:33:57]} {[%emt 00:00:08]} e6 {[%clk 01:30:39]} {[%emt 00:02:48]}
11. Ne2 {[%clk 01:27:59]} {[%emt 00:06:27]} Be7 {[%clk 01:22:32]} {[%emt
00:08:37]} 12. Nbc3 {[%clk 01:25:52]} {[%emt 00:02:38]} c6 {[%clk 01:20:34]}
{[%emt 00:02:28]} 13. Bxd5 {[%clk 01:24:46]} {[%emt 00:01:36]} Nxd5 {[%clk
01:15:49]} {[%emt 00:05:15]} 14. Nxd5 {[%clk 01:18:56]} {[%emt 00:06:20]} cxd5
{[%clk 01:14:45]} {[%emt 00:01:33]} 15. Nf4 {[%clk 01:16:34]} {[%emt 00:02:52]}
O-O {[%clk 01:14:28]} {[%emt 00:00:47]} 16. h4 {[%clk 01:03:37]} {[%emt
00:13:27]} Qa5+ {[%clk 01:08:59]} {[%emt 00:06:00]} 17. Qd2 {[%clk 00:59:12]}
{[%emt 00:04:55]} Qa6 {[%clk 00:56:22]} {[%emt 00:13:07]} 18. Qe2 {[%clk
00:53:02]} {[%emt 00:06:39]} Qb6 {[%clk 00:53:05]} {[%emt 00:03:48]} 19. h5
{[%clk 00:53:27]} {[%emt 00:00:05]} Bd7 {[%clk 00:50:37]} {[%emt 00:02:57]} 20.
Rh3 {[%clk 00:43:12]} {[%emt 00:10:45]} Bb5 {[%clk 00:43:37]} {[%emt 00:07:31]}
21. Qf3 {[%clk 00:38:42]} {[%emt 00:05:00]} Ba6 {[%clk 00:43:53]} {[%emt
00:00:13]} 22. Rg3 {[%clk 00:28:59]} {[%emt 00:10:13]} Qxb2 {[%clk 00:40:09]}
{[%emt 00:04:14]} 23. Rd1 {[%clk 00:28:52]} {[%emt 00:00:37]} Bxa3 {[%clk
00:38:39]} {[%emt 00:02:00]} 24. Bd2 {[%clk 00:15:11]} {[%emt 00:14:11]} Bb4
{[%clk 00:30:08]} {[%emt 00:09:01]} 25. Bxb4 {[%clk 00:07:48]} {[%emt
00:07:54]} Qxb4+ {[%clk 00:30:35]} {[%emt 00:00:02]} 26. Qc3 {[%clk 00:08:11]}
{[%emt 00:00:07]} Qb5 {[%clk 00:28:31]} {[%emt 00:02:34]} 27. Qe3 {[%clk
00:07:02]} {[%emt 00:01:40]} Rfc8 {[%clk 00:27:19]} {[%emt 00:01:41]} 28. Nd3
{[%clk 00:03:57]} {[%emt 00:03:36]} Rc7 {[%clk 00:25:27]} {[%emt 00:02:22]} 29.
Nc5 {[%clk 00:04:00]} {[%emt 00:00:27]} f4 {[%clk 00:25:33]} {[%emt 00:00:23]}
30. Nxa6 {[%clk 00:03:21]} {[%emt 00:01:09]} fxe3 {[%clk 00:25:48]} {[%emt
00:00:15]} 31. Nxc7 {[%clk 00:03:44]} {[%emt 00:00:07]} Qa5+ {[%clk 00:25:28]}
{[%emt 00:00:50]} 32. Ke2 {[%clk 00:04:03]} {[%emt 00:00:11]} Qxc7 {[%clk
00:25:34]} {[%emt 00:00:24]} 0-1

[Event "English Open Championship 2024"]
[Site "Holiday Inn, 212 Abbey End, Kenilworth CV8 1ED, United Kingdom"]
[Date "2024.06.21"]
[Round "3.26"]
[White "Savidge, Daniel"]
[Black "Gibson, Christopher A"]
[Result "1-0"]
[TimeControl "G90 + 30secs/move"]
[WhiteFideId "450332"]
[BlackFideId "414697"]
[WhiteElo "2085"]
[BlackElo "1851"]

1. e4 {[%clk 01:30:55]} {[%emt 00:00:05]} c5 {[%clk 01:30:55]} {[%emt
00:00:05]} 2. Be2 {[%clk 01:30:57]} {[%emt 00:00:28]} Nc6 {[%clk 01:31:12]}
{[%emt 00:00:14]} 3. d3 {[%clk 01:31:23]} {[%emt 00:00:05]} g6 {[%clk
01:27:11]} {[%emt 00:04:30]} 4. f4 {[%clk 01:31:47]} {[%emt 00:00:06]} Bg7
{[%clk 01:27:30]} {[%emt 00:00:10]} 5. Nf3 {[%clk 01:32:13]} {[%emt 00:00:03]}
d6 {[%clk 01:26:22]} {[%emt 00:01:39]} 6. O-O {[%clk 01:32:33]} {[%emt
00:00:10]} Nf6 {[%clk 01:26:29]} {[%emt 00:00:23]} 7. Qe1 {[%clk 01:32:57]}
{[%emt 00:00:05]} O-O {[%clk 01:20:36]} {[%emt 00:06:24]} 8. Qh4 {[%clk
01:33:11]} {[%emt 00:00:16]} Nd4 {[%clk 01:15:54]} {[%emt 00:05:13]} 9. Nxd4
{[%clk 01:29:54]} {[%emt 00:03:47]} cxd4 {[%clk 01:16:20]} {[%emt 00:00:04]} 10.
g4 {[%clk 01:30:19]} {[%emt 00:00:05]} h6 {[%clk 01:03:41]} {[%emt 00:13:08]}
11. f5 {[%clk 01:26:41]} {[%emt 00:04:08]} g5 {[%clk 01:03:18]} {[%emt
00:00:53]} 12. Qf2 {[%clk 01:22:14]} {[%emt 00:04:57]} e5 {[%clk 01:00:17]}
{[%emt 00:03:31]} 13. h4 {[%emt 00:04:58]} Nd7 {[%clk 00:58:36]} 14. Nd2 {[%clk
01:18:15]} {[%emt 00:02:12]} f6 {[%clk 00:57:19]} {[%emt 00:01:46]} 15. c3
{[%clk 01:18:12]} {[%emt 00:00:33]} dxc3 {[%clk 00:55:43]} {[%emt 00:02:07]} 16.
bxc3 {[%clk 01:18:39]} {[%emt 00:00:03]} Qa5 {[%clk 00:53:46]} {[%emt
00:02:27]} 17. Nc4 {[%clk 01:13:03]} {[%emt 00:06:06]} Qxc3 {[%clk 00:48:20]}
{[%emt 00:05:56]} 18. Bb2 {[%clk 01:09:10]} {[%emt 00:04:23]} Qb4 {[%clk
00:46:06]} {[%emt 00:02:44]} 19. Ba3 {[%clk 01:09:17]} {[%emt 00:00:23]} Qa4
{[%clk 00:45:33]} {[%emt 00:01:02]} 20. Bd1 {[%clk 01:08:23]} {[%emt 00:01:23]}
Qa6 {[%clk 00:43:46]} {[%emt 00:02:18]} 21. Bb3 {[%clk 01:05:07]} {[%emt
00:03:46]} Kh7 {[%clk 00:40:46]} {[%emt 00:03:29]} 22. hxg5 {[%clk 00:57:13]}
{[%emt 00:08:25]} hxg5 {[%clk 00:32:23]} {[%emt 00:08:52]} 23. Qh2+ {[%clk
00:54:28]} {[%emt 00:03:16]} Bh6 {[%clk 00:31:59]} {[%emt 00:00:54]} 24. Qh5
{[%clk 00:54:50]} {[%emt 00:00:08]} Rg8 {[%clk 00:30:09]} {[%emt 00:02:20]} 25.
Kg2 {[%clk 00:55:06]} {[%emt 00:00:15]} 1-0

[Event "English Open Championship 2024"]
[Site "Holiday Inn, 212 Abbey End, Kenilworth CV8 1ED, United Kingdom"]
[Date "2024.06.21"]
[Round "3.27"]
[White "Watson, Jacob"]
[Black "Bharat Kumar, Balahari"]
[Result "1/2-1/2"]
[TimeControl "G90 + 30secs/move"]
[WhiteFideId "445037"]
[BlackFideId "496464"]
[WhiteElo "1883"]
[BlackElo "1994"]

1. e4 {[%clk 01:30:57]} {[%emt 00:00:03]} c5 {[%clk 01:30:49]} {[%emt
00:00:12]} 2. Nf3 {[%clk 01:31:12]} {[%emt 00:00:15]} d6 {[%clk 01:31:13]}
{[%emt 00:00:06]} 3. Bb5+ {[%clk 01:31:34]} {[%emt 00:00:07]} Nd7 {[%clk
01:31:25]} {[%emt 00:00:18]} 4. O-O {[%clk 01:31:11]} {[%emt 00:00:53]} a6
{[%clk 01:31:06]} {[%emt 00:00:50]} 5. Bd3 {[%emt 00:00:41]} Ngf6 {[%clk
01:31:03]} {[%emt 00:00:01]} 6. c3 {[%clk 01:31:00]} {[%emt 00:01:01]} b5
{[%clk 01:27:24]} {[%emt 00:04:10]} 7. Bc2 {[%clk 01:29:33]} {[%emt 00:01:59]}
Bb7 {[%clk 01:25:56]} {[%emt 00:01:56]} 8. Re1 {[%clk 01:29:05]} {[%emt
00:00:56]} g6 {[%clk 01:26:11]} {[%emt 00:00:16]} 9. d4 {[%clk 01:28:43]}
{[%emt 00:00:52]} cxd4 {[%clk 01:16:20]} {[%emt 00:10:21]} 10. cxd4 {[%clk
01:28:58]} {[%emt 00:00:14]} Bg7 {[%clk 01:16:23]} {[%emt 00:00:29]} 11. Nc3
{[%clk 01:21:16]} {[%emt 00:08:12]} Nb6 {[%clk 01:01:28]} {[%emt 00:15:25]} 12.
Qe2 {[%clk 01:18:08]} {[%emt 00:03:36]} O-O {[%clk 00:57:43]} {[%emt 00:04:16]}
13. Bg5 {[%clk 01:10:26]} {[%emt 00:08:12]} b4 {[%clk 00:36:30]} {[%emt
00:21:44]} 14. Nd1 {[%clk 01:05:46]} {[%emt 00:05:09]} Re8 {[%clk 00:31:33]}
{[%emt 00:05:28]} 15. e5 {[%clk 01:01:05]} {[%emt 00:05:10]} Nfd5 {[%clk
00:27:19]} {[%emt 00:04:45]} 16. Be4 {[%clk 00:54:27]} {[%emt 00:07:08]} a5
{[%clk 00:21:54]} {[%emt 00:05:56]} 17. Bxd5 {[%clk 00:49:30]} {[%emt
00:05:26]} Nxd5 {[%clk 00:20:15]} {[%emt 00:02:09]} 18. Ne3 {[%clk 00:49:24]}
{[%emt 00:00:35]} h6 {[%clk 00:10:34]} {[%emt 00:10:11]} 19. Nxd5 {[%clk
00:48:19]} {[%emt 00:01:36]} hxg5 {[%clk 00:08:21]} {[%emt 00:02:44]} 20. Ne3
{[%clk 00:43:54]} {[%emt 00:04:55]} dxe5 {[%clk 00:06:01]} {[%emt 00:02:50]} 21.
dxe5 {[%clk 00:43:57]} {[%emt 00:00:26]} Bxf3 {[%clk 00:05:14]} {[%emt
00:01:18]} 22. Qxf3 {[%clk 00:44:22]} {[%emt 00:00:04]} Bxe5 {[%clk 00:04:56]}
{[%emt 00:00:48]} 23. Rad1 {[%clk 00:39:48]} {[%emt 00:05:05]} Qb8 {[%clk
00:02:47]} {[%emt 00:02:39]} 24. Ng4 {[%clk 00:34:26]} {[%emt 00:05:51]} Bg7
{[%clk 00:03:04]} {[%emt 00:00:14]} 25. b3 {[%clk 00:30:24]} {[%emt 00:04:32]}
Ra7 {[%clk 00:02:24]} {[%emt 00:01:11]} 26. Qd5 {[%clk 00:29:17]} {[%emt
00:01:35]} Qf4 {[%clk 00:01:00]} {[%emt 00:01:55]} 27. Re4 {[%clk 00:28:08]}
{[%emt 00:01:37]} Qf5 {[%clk 00:01:07]} {[%emt 00:00:24]} 28. Ne3 {[%clk
00:26:35]} {[%emt 00:02:03]} Qxd5 {[%clk 00:01:06]} {[%emt 00:00:31]} 29. Rxd5
{[%clk 00:26:39]} {[%emt 00:00:26]} f5 {[%clk 00:01:18]} {[%emt 00:00:19]} 30.
Re6 {[%clk 00:25:16]} {[%emt 00:01:51]} Kf7 {[%clk 00:01:41]} {[%emt 00:00:08]}
31. Rc6 {[%clk 00:25:31]} {[%emt 00:00:16]} e6 {[%clk 00:01:54]} {[%emt
00:00:17]} 32. Rdd6 {[%clk 00:24:08]} {[%emt 00:01:52]} Be5 {[%clk 00:01:46]}
{[%emt 00:00:39]} 33. Nc4 {[%clk 00:23:47]} {[%emt 00:00:51]} Bxd6 {[%clk
00:00:36]} {[%emt 00:01:40]} 34. Nxd6+ {[%clk 00:24:12]} {[%emt 00:00:05]} Kf8
{[%clk 00:00:50]} {[%emt 00:00:15]} 35. Nxe8 {[%clk 00:24:24]} {[%emt
00:00:18]} Kxe8 {[%clk 00:01:16]} {[%emt 00:00:05]} 36. Rxe6+ {[%clk 00:24:30]}
{[%emt 00:00:23]} Kf7 {[%clk 00:01:08]} {[%emt 00:00:39]} 37. Re5 {[%clk
00:23:06]} {[%emt 00:01:52]} Kf6 {[%clk 00:00:55]} {[%emt 00:00:44]} 38. Rb5
{[%clk 00:23:22]} {[%emt 00:00:14]} Rc7 {[%clk 00:00:48]} {[%emt 00:00:38]} 39.
g3 {[%clk 00:23:36]} {[%emt 00:00:16]} Ra7 {[%clk 00:00:55]} {[%emt 00:00:22]}
40. Kf1 {[%clk 00:23:24]} {[%emt 00:00:42]} f4 {[%clk 00:00:34]} {[%emt
00:00:51]} 41. Kg2 {[%clk 00:23:31]} {[%emt 00:00:20]} fxg3 {[%clk 00:00:40]}
{[%emt 00:00:28]} 42. hxg3 {[%clk 00:23:55]} {[%emt 00:00:05]} g4 {[%clk
00:00:55]} {[%emt 00:00:15]} 43. Kf1 {[%clk 00:23:27]} {[%emt 00:00:58]} g5
{[%clk 00:00:41]} {[%emt 00:00:45]} 44. Kg2 {[%clk 00:22:47]} {[%emt 00:01:09]}
Ra6 {[%clk 00:01:02]} {[%emt 00:00:10]} 45. f3 {[%clk 00:22:54]} {[%emt
00:00:22]} Rc6 {[%clk 00:00:35]} {[%emt 00:00:58]} 46. Rxa5 {[%clk 00:22:32]}
{[%emt 00:00:51]} Rc2+ {[%clk 00:00:50]} {[%emt 00:00:14]} 47. Kf1 {[%clk
00:22:53]} {[%emt 00:00:08]} gxf3 {[%clk 00:00:51]} {[%emt 00:00:31]} 48. g4
{[%clk 00:22:59]} {[%emt 00:00:23]} Kg6 {[%clk 00:00:48]} {[%emt 00:00:34]} 49.
Ra6+ {[%clk 00:22:41]} {[%emt 00:00:48]} Kg7 {[%clk 00:01:04]} {[%emt
00:00:15]} 50. Rb6 {[%clk 00:22:47]} {[%emt 00:00:24]} Rxa2 {[%clk 00:01:11]}
{[%emt 00:00:23]} 51. Rxb4 {[%clk 00:23:11]} {[%emt 00:00:05]} Kf6 {[%clk
00:01:08]} {[%emt 00:00:34]} 52. Rb5 {[%clk 00:23:33]} {[%emt 00:00:08]} Kg6
{[%clk 00:01:33]} {[%emt 00:00:05]} 53. Rb6+ {[%clk 00:22:15]} {[%emt
00:01:48]} Kg7 {[%clk 00:01:55]} {[%emt 00:00:07]} 54. Rb5 {[%clk 00:22:37]}
{[%emt 00:00:08]} Kg6 {[%clk 00:02:07]} {[%emt 00:00:18]} 1/2-1/2

[Event "English Open Championship 2024"]
[Site "Holiday Inn, 212 Abbey End, Kenilworth CV8 1ED, United Kingdom"]
[Date "2024.06.21"]
[Round "3.28"]
[White "Mehrafarin, Amirabbas"]
[Black "Clarke, James"]
[Result "0-1"]
[TimeControl "G90 + 30secs/move"]
[WhiteFideId "12506966"]
[BlackFideId "463140"]
[WhiteElo "1825"]
[BlackElo "1894"]

1. d4 {[%clk 01:30:59]} Nf6 {[%clk 01:30:54]} {[%emt 00:00:06]} 2. Bf4 {[%clk
01:31:20]} {[%emt 00:00:10]} g6 {[%clk 01:31:18]} {[%emt 00:00:06]} 3. Nc3
{[%clk 01:30:41]} {[%emt 00:01:09]} d5 {[%clk 01:31:18]} {[%emt 00:00:29]} 4.
Qd2 {[%clk 01:26:11]} {[%emt 00:05:00]} Bg7 {[%clk 01:23:04]} {[%emt 00:08:44]}
5. Bh6 {[%clk 01:20:20]} {[%emt 00:06:20]} O-O {[%clk 01:21:17]} {[%emt
00:02:18]} 6. Bxg7 {[%clk 01:20:42]} {[%emt 00:00:09]} Kxg7 {[%clk 01:21:41]}
{[%emt 00:00:06]} 7. h4 {[%clk 01:18:28]} {[%emt 00:02:44]} h5 {[%clk
01:20:22]} {[%emt 00:01:48]} 8. f3 {[%clk 01:13:05]} {[%emt 00:05:53]} c5
{[%clk 01:19:45]} {[%emt 00:01:07]} 9. e3 {[%clk 01:05:35]} {[%emt 00:08:00]}
Nc6 {[%clk 01:14:13]} {[%emt 00:06:02]} 10. O-O-O {[%clk 01:04:39]} {[%emt
00:01:25]} c4 {[%clk 01:08:52]} {[%emt 00:05:52]} 11. e4 {[%clk 01:04:35]}
{[%emt 00:00:34]} dxe4 {[%clk 01:05:37]} {[%emt 00:03:45]} 12. fxe4 {[%clk
00:55:55]} {[%emt 00:09:10]} b5 {[%clk 00:55:59]} {[%emt 00:10:08]} 13. e5
{[%clk 00:52:57]} {[%emt 00:03:28]} Nd5 {[%clk 00:55:52]} {[%emt 00:00:37]} 14.
Nxb5 {[%clk 00:49:15]} {[%emt 00:04:12]} Rb8 {[%clk 00:50:14]} {[%emt
00:06:09]} 15. Bxc4 {[%clk 00:48:13]} {[%emt 00:01:31]} Bf5 {[%clk 00:46:54]}
{[%emt 00:03:50]} 16. Bxd5 {[%clk 00:38:34]} {[%emt 00:10:10]} Qxd5 {[%clk
00:47:02]} {[%emt 00:00:22]} 17. Nc3 {[%clk 00:39:03]} {[%emt 00:00:01]} Qa5
{[%clk 00:46:00]} {[%emt 00:01:31]} 18. Rf1 {[%clk 00:30:15]} {[%emt 00:09:17]}
e6 {[%clk 00:39:34]} {[%emt 00:06:57]} 19. Nge2 {[%clk 00:20:25]} {[%emt
00:10:19]} Nb4 {[%clk 00:35:03]} {[%emt 00:05:02]} 20. Rxf5 {[%clk 00:17:38]}
{[%emt 00:03:17]} Nxa2+ {[%clk 00:31:29]} {[%emt 00:04:04]} 21. Kd1 {[%clk
00:13:45]} {[%emt 00:04:23]} exf5 {[%clk 00:30:45]} {[%emt 00:01:14]} 22. Rf1
{[%clk 00:05:13]} {[%emt 00:09:02]} Rxb2 {[%clk 00:27:32]} {[%emt 00:03:44]} 23.
Rxf5 {[%clk 00:03:53]} {[%emt 00:01:50]} Nxc3+ {[%clk 00:24:56]} {[%emt
00:03:06]} 24. Nxc3 {[%clk 00:04:12]} {[%emt 00:00:10]} Qa1+ {[%clk 00:21:02]}
{[%emt 00:04:25]} 25. Ke2 {[%clk 00:03:54]} {[%emt 00:00:47]} Qa6+ {[%clk
00:20:45]} {[%emt 00:00:47]} 26. Kf2 {[%clk 00:03:35]} {[%emt 00:00:46]} gxf5
{[%clk 00:20:16]} {[%emt 00:01:02]} 27. d5 {[%clk 00:02:06]} {[%emt 00:01:59]}
Qb6+ {[%clk 00:18:42]} {[%emt 00:02:05]} 28. Kg3 {[%clk 00:01:41]} {[%emt
00:00:55]} Qg6+ {[%clk 00:19:08]} {[%emt 00:00:04]} 29. Kh2 {[%clk 00:01:58]}
{[%emt 00:00:09]} f4 {[%clk 00:19:08]} {[%emt 00:00:33]} 30. e6 {[%clk
00:01:26]} {[%emt 00:01:01]} Rxc2 {[%clk 00:18:25]} {[%emt 00:01:12]} 31. Qd4+
{[%clk 00:01:31]} {[%emt 00:00:26]} Kh7 {[%clk 00:18:14]} {[%emt 00:00:42]} 0-1